| 000 | 00522cab a2200205 4500 | ||
|---|---|---|---|
| 001 | A395 | ||
| 008 | 090401t1973 xxu||||| |||| 00| 0 eng d | ||
| 035 | _a(Sirsi) u28959 | ||
| 041 | _aeng | ||
| 100 | _aBailey, K.W. | ||
| 245 | _aSerial contracting: Hants success story | ||
| 260 | _c1973 | ||
| 350 | _a0 | ||
| 490 |
_aBuilding _v20 July 1973, 103-110(5) |
||
| 650 | _aSERIAL CONTRACTING | ||
| 650 | _aSERIAL TENDERING | ||
| 690 | _aBUILT ENVIRONMENT-BUILDING CONTRACT FORMS | ||
| 942 | _n0 | ||
| 948 | _c04/03/1997 | ||
| 999 |
_c19485 _d19485 |
||